Visualizzazione normale
Vista MARC
- Salvación
di Topical Term
Records bibliografici associati: 1
001 - CONTROL NUMBER
- control field: 55878
003 - CONTROL NUMBER IDENTIFIER
- control field: IT-RoINE
005 - DATE AND TIME OF LATEST TRANSACTION
- control field: 20190110083937.0
008 - FIXED-LENGTH DATA ELEMENTS
- fixed length control field: 190110|| aca||aabn | a|a d
040 ## - CATALOGING SOURCE
- Original cataloging agency: IT-RoINE
- Transcribing agency: IT-RoINE
150 ## - HEADING--TOPICAL TERM
- Topical term or geographic name as entry element: Salvación
- General subdivision: Historia de las doctrinas
670 ## - SOURCE DATA FOUND
- Source citation: Work cat.: (IT-RoINE)28347: Pasquale, Gianluigi, O.F.M. Cap., 1967- 20631, Teoria e teologia della storia :, 2016.